=LDR 00000nam 2200000 4500 =001 INLIS000000000061180 =005 20220901120938 =035 ##$$a 0010-0922000002 =007 ta =008 220901###########################0#ind## =020 ##$$a 978-623-5874-22-7 =082 ##$$a 615.8 =084 ##$$a 615.8 Agu k =100 #$$a Agustina Catur Setyaningrum =245 1#$$a Khasiat Pijat Aromaterapi : $b Terhadap Produksi Asi dan Menurunkan Kadar Kortisol /$c Agustina Catur Setyaningrum =250 ##$$a cet 1 =260 ##$$a Jawa Timur :$b Global Akasara Pres,$c 2021 =300 ##$$a 124 halaman : $b ilustrasi ; $c 21 cm =650 #4$$a Pijat =990 ##$$a 31523152